|
|
|
|
| LEADER |
00000nam0a2200000 4500 |
| 001 |
149735 |
| 005 |
20231031145944.0 |
| 010 |
|
|
|a 5283011542
|
| 020 |
|
|
|a RU
|b 91-56909
|
| 035 |
|
|
|a (RuTPU)RU\TPU\book\162337
|
| 090 |
|
|
|a 149735
|
| 100 |
|
|
|a 20081220d1991 u a0rusy5003 ca
|
| 101 |
0 |
|
|a rus
|
| 102 |
|
|
|a RU
|
| 105 |
|
|
|a a z 001zy
|
| 200 |
1 |
|
|a Монтаж полимерной кабельной арматуры
|f Г. Л. Толкачев, В. Ф. Расторгуев
|
| 210 |
|
|
|a Москва
|c Энергоатомиздат
|d 1991
|
| 215 |
|
|
|a 92,[3] с.
|c ил.
|d 21 см
|
| 225 |
1 |
|
|a БЭ
|e Библиотека электромонтера
|v Вып. 638
|
| 320 |
|
|
|a Библиогр.: с. 94. (7 назв.)
|
| 610 |
1 |
|
|a кабельные муфты
|
| 610 |
1 |
|
|a пластмассовые муфты
|
| 610 |
1 |
|
|a монтаж
|
| 610 |
1 |
|
|a материалы
|
| 610 |
1 |
|
|a надежность
|
| 675 |
|
|
|a 621.315.687
|z rus
|
| 700 |
|
1 |
|a Толкачев
|b Г. Л.
|g Геннадий Леонидович
|4 070
|
| 701 |
|
1 |
|a Расторгуев
|b В. Ф.
|g Виктор Федорович
|4 070
|
| 801 |
|
0 |
|a RU
|b RuMRKP
|c 19950417
|g psbo
|
| 801 |
|
1 |
|a RU
|b 63413507
|c 20081220
|g PSBO
|
| 801 |
|
2 |
|a RU
|b 63413507
|c 20090226
|g PSBO
|
| 942 |
|
|
|c BK
|